The Religious Metaphysics of Vladimir Solovyov

The original text of this work was published in the French journal Revue d'Histoire et de Philosophie Religieuses. This English translation presents Kojève's attempt to unify the religious philosophy of Vladimir Solovyov into a metaphysical system that Solovyov strived for but was never a...

Full description

Bibliographic Details
Main Author: Kojève, Alexandre (Author, http://id.loc.gov/vocabulary/relators/aut)
Corporate Author: SpringerLink (Online service)
Format: Electronic eBook
Language:English
Published: Cham : Springer International Publishing : Imprint: Palgrave Pivot, 2018.
Edition:1st ed. 2018.
Subjects:
Online Access:Full Text via HEAL-Link
LEADER 02301nam a2200481 4500
001 978-3-030-02339-3
003 DE-He213
005 20191023132914.0
007 cr nn 008mamaa
008 181109s2018 gw | s |||| 0|eng d
020 |a 9783030023393  |9 978-3-030-02339-3 
024 7 |a 10.1007/978-3-030-02339-3  |2 doi 
040 |d GrThAP 
050 4 |a BR118-119.2 
072 7 |a HRCM  |2 bicssc 
072 7 |a REL067000  |2 bisacsh 
072 7 |a QRM  |2 thema 
072 7 |a QRVG  |2 thema 
082 0 4 |a 230  |2 23 
100 1 |a Kojève, Alexandre.  |e author.  |4 aut  |4 http://id.loc.gov/vocabulary/relators/aut 
245 1 4 |a The Religious Metaphysics of Vladimir Solovyov   |h [electronic resource] /  |c by Alexandre Kojève. 
250 |a 1st ed. 2018. 
264 1 |a Cham :  |b Springer International Publishing :  |b Imprint: Palgrave Pivot,  |c 2018. 
300 |a VII, 81 p. 1 illus.  |b online resource. 
336 |a text  |b txt  |2 rdacontent 
337 |a computer  |b c  |2 rdamedia 
338 |a online resource  |b cr  |2 rdacarrier 
347 |a text file  |b PDF  |2 rda 
505 0 |a Chapter 1: Translators' Introduction -- Chapter 2: The Religious Metaphysics of Vladimir Solovyov -- Chapter 3: B. The Doctrine of World.  . 
520 |a The original text of this work was published in the French journal Revue d'Histoire et de Philosophie Religieuses. This English translation presents Kojève's attempt to unify the religious philosophy of Vladimir Solovyov into a metaphysical system that Solovyov strived for but was never able to fully articulate in his lifetime. 
650 0 |a Theology. 
650 0 |a Religion and politics. 
650 0 |a Intellectual life-History. 
650 1 4 |a Christian Theology.  |0 http://scigraph.springernature.com/things/product-market-codes/1A3150 
650 2 4 |a Politics and Religion.  |0 http://scigraph.springernature.com/things/product-market-codes/911250 
650 2 4 |a Intellectual Studies.  |0 http://scigraph.springernature.com/things/product-market-codes/729000 
710 2 |a SpringerLink (Online service) 
773 0 |t Springer eBooks 
776 0 8 |i Printed edition:  |z 9783030023386 
776 0 8 |i Printed edition:  |z 9783030023409 
856 4 0 |u https://doi.org/10.1007/978-3-030-02339-3  |z Full Text via HEAL-Link 
912 |a ZDB-2-REP 
950 |a Religion and Philosophy (Springer-41175)